| 000 | 01072cam a2200277 i 4500 | ||
|---|---|---|---|
| 001 | 200460034 | ||
| 003 | TR-AnTOB | ||
| 005 | 20241210150524.0 | ||
| 007 | ta | ||
| 008 | 031231n tu a r 000 0 tur d | ||
| 040 |
_aTR-AnTOB _beng _erda _cTR-AnTOB |
||
| 041 | 0 | _atur | |
| 050 | 4 |
_aHF5230.5.C37 _bÇ377 |
|
| 090 |
_aTOBBK HF 5230.5.C37 _bÇ377 |
||
| 245 | 0 | 0 |
_aÇarşamba ticaret ve sanayi odası : _bÇarşamba iş dünyası = Çarşamba chamber of commerce and industry / _cÇarşamba Ticaret ve Sanayi Odası. |
| 264 | 1 |
_aSamsun : _bÇarşamba Ticaret ve Sanayi Odası, _c[date of publication not identified] |
|
| 300 |
_a84 pages : _billustrations ; _c28 cm |
||
| 336 |
_atext _btxt _2rdacontent |
||
| 337 |
_aunmediated _bn _2rdamedia |
||
| 338 |
_avolume _bnc _2rdacarrier |
||
| 651 | 7 |
_aÇarşamba (Samsun İli, Türkiye) _xTicaret _vRehberler _2etuturkob _9145340 |
|
| 651 | 7 |
_aÇarşamba (Samsun İli, Türkiye) _xİmalat _vRehberler _2etuturkob _9145340 |
|
| 710 | 2 |
_aÇarşamba Ticaret ve Sanayi Odası _9135971 |
|
| 942 |
_2lcc _cBK |
||
| 999 |
_c200460034 _d78246 |
||